000 00296nam a2200121Ia 4500
008 220216s9999 xx 000 0 und d
245 0 _aForeign exchange clones : Eighth report
260 _bPlanters Bulletin
_c1975
300 _a99-119
650 _aWind damage
650 _aYield
942 _cJS
999 _c59524
_d59524